| 000 | 00829nmc a2200325 a 4500 | ||
|---|---|---|---|
| 003 | AR-BaBNM | ||
| 005 | 20251128203941.0 | ||
| 008 | 105119s1988 ||||||||||||||000 | spa|| | ||
| 020 | _a84-7046-312-8 | ||
| 040 | _cAR-BaBNM | ||
| 100 | 1 | _aHaro, Juan | |
| 245 | 1 | 0 | _aCalidad y conservación del medio ambiente |
| 260 |
_aBuenos Aires _bCincel _c1988 |
||
| 300 | 0 | _a143 p. | |
| 490 | 0 |
_aCuadernos de estudio. Geografía _vv. 10 |
|
| 500 | 0 | _aContiene índice de las materias | |
| 521 | _aSECUNDARIO | ||
| 650 | 4 | _aECOLOGIA | |
| 650 | 4 | _aBIOLOGIA | |
| 650 | 4 | _aFLORA | |
| 650 | 4 | _aFAUNA | |
| 650 | 4 | _aECOSISTEMAS | |
| 650 | 4 | _aHABITAT | |
| 650 | 4 | _aMEDIO AMBIENTE | |
| 650 | 4 | _aEQUILIBRIO ECOLOGICO | |
| 650 | 4 | _aEDUCACION AMBIENTAL | |
| 800 | 1 |
_aPuyol, Rafael _ecoordinador |
|
| 942 | _cBK | ||
| 998 | _cisola | ||
| 999 |
_c5583 _d5583 |
||